Normal view
MARC view
Entry Personal Name
001 - CONTROL NUMBER
- control field: 10418
003 - CONTROL NUMBER IDENTIFIER
- control field: BD-RjUL
005 - DATE AND TIME OF LATEST TRANSACTION
- control field: 20231207122211.0
008 - FIXED-LENGTH DATA ELEMENTS
- fixed length control field: 231207|| aca||aabn | a|a d
040 ## - CATALOGING SOURCE
- Original cataloging agency: BD-RjUL
- Transcribing agency: BD-RjUL
100 ## - HEADING--PERSONAL NAME
- Personal name: শাস্ত্রী, গৌ্রীনাথ, প্রধান উপদেষ্টা
670 ## - SOURCE DATA FOUND
- Source citation: Work cat.: (BD-RjUL)40233: সংস্কৃত সাহিত্যসম্ভার /, ১৯৭৬-১৯৯৪